| 000 | 00786nam a2200217 a 4500 | ||
|---|---|---|---|
| 001 | 1130 | ||
| 003 | BR-CuiBMT | ||
| 005 | 20231215183059.0 | ||
| 008 | 231129s1998 mtb 000 0 por d | ||
| 040 |
_aBR-CuiBMT _cBR-CuiBMT |
||
| 080 |
_22007 _a351.94:336.148 |
||
| 090 |
_dTCE/MT _a351.94:336.148 _bM433c |
||
| 110 | 1 |
_aMato Grosso. _bTribunal de Contas. |
|
| 245 | 1 | 0 |
_aConsolidação do regimento interno e lei orgânica do Tribunal de Contas / _cTribunal de Contas do Estado de Mato Grosso. |
| 260 |
_aCuiabá : _bTCE-MT, _c1998. |
||
| 300 |
_a135 p. ; _c22 cm |
||
| 610 | 1 | 4 |
_aMato Grosso. _bTribunal de Contas. _tLei orgânica |
| 610 | 1 | 4 |
_aMato Grosso. _bTribunal de Contas. _tRegimento interno |
| 650 |
_aAdministração pública _xControle externo _zMato Grosso |
||
| 942 |
_2udc _cLV |
||
| 999 |
_c1130 _d1130 |
||